000 00687nam a2200205 i 4500
001 88754
003 ES-MaACL
005 20230906175924.0
007 t|
008 041203s1997 sp ||||1| spa d
020 _a84-206-9487-8
080 _a81'373.21(460)(038)
100 1 _aNieto Ballester, Emilio.
_985674
245 1 0 _aBreve diccionario de topónimos españoles /
_cEmilio Nieto Ballester ; con la colaboración de Araceli Striano Corrochano.
260 _aMadrid :
_bAlianza Editorial,
_c[1997]
300 _a447 p., XVI p. de lám. ;
_c23 cm.
650 4 _aNombres geográficos-
_zEspaña.
_915584
700 1 _aStriano, A.
_9108427
852 _aES-MaACL
_jE-10581
_bR.134699
999 _c88754
_d88754